|
|
|
|
| LEADER |
00000cam a2200000 c 4500 |
| 001 |
1611465079 |
| 003 |
DE-627 |
| 005 |
20251225194421.0 |
| 007 |
tu |
| 008 |
850101s1979 xx ||||| 00| ||eng c |
| 020 |
|
|
|a 0064916669
|9 0-06-491666-9
|
| 035 |
|
|
|a (DE-627)1611465079
|
| 035 |
|
|
|a (DE-576)008101310
|
| 035 |
|
|
|a (DE-599)BSZ008101310
|
| 035 |
|
|
|a (OCoLC)3844203
|
| 035 |
|
|
|a (OCoLC)03844203
|
| 040 |
|
|
|a DE-627
|b ger
|c DE-627
|e rakwb
|
| 041 |
|
|
|a eng
|
| 082 |
0 |
|
|a 294.3/4/2
|
| 084 |
|
|
|a CX 7000
|2 rvk
|0 (DE-625)rvk/19221:
|
| 100 |
1 |
|
|0 (DE-588)1050685156
|0 (DE-627)784631034
|0 (DE-576)189172584
|4 aut
|a De Silva, Padmasiri
|d 1933-
|
| 109 |
|
|
|a De Silva, Padmasiri 1933-
|a DeSilva, Padmasiri 1933-
|a De Silva, M. W. Padmasiri 1933-
|a Silva, Padmasiri de 1933-
|a DeSilva, M. W. Padmasiri 1933-
|a Silva, M. W. Padmasiri de 1933-
|a Padmasiri DeSilva, M. W. 1933-
|
| 191 |
|
|
|a 1
|
| 245 |
1 |
3 |
|a An introduction to Buddhist psychology
|c M. W. DeSilva
|
| 264 |
|
1 |
|a New York
|b Barnes and Noble
|c 1979
|
| 300 |
|
|
|a 134 S.
|
| 336 |
|
|
|a Text
|b txt
|2 rdacontent
|
| 337 |
|
|
|a ohne Hilfsmittel zu benutzen
|b n
|2 rdamedia
|
| 338 |
|
|
|a Band
|b nc
|2 rdacarrier
|
| 490 |
0 |
|
|a Library of philosophy and religion
|
| 583 |
1 |
|
|a Archivierung prüfen
|c 20200919
|f DE-640
|z 1
|2 pdager
|
| 601 |
|
|
|a Buddhist
|
| 601 |
|
|
|a Psychologie
|
| 689 |
0 |
0 |
|d s
|0 (DE-588)4008690-2
|0 (DE-627)106366823
|0 (DE-576)20887772X
|2 gnd
|a Buddhismus
|
| 689 |
0 |
1 |
|d s
|0 (DE-588)4047704-6
|0 (DE-627)106193821
|0 (DE-576)209074426
|2 gnd
|a Psychologie
|
| 689 |
0 |
|
|5 (DE-627)
|
| 700 |
1 |
|
|a DeSilva, M. W.
|4 oth
|
| 889 |
|
|
|w (DE-627)075342251
|
| 935 |
|
|
|a mteo
|
| 935 |
|
|
|i mdedup
|
| 936 |
r |
v |
|a CX 7000
|b Religionspsychologie
|k Psychologie
|k Religions- und Kunstpsychologie
|k Religionspsychologie
|0 (DE-627)1271502887
|0 (DE-625)rvk/19221:
|0 (DE-576)201502887
|
| 951 |
|
|
|a BO
|
| ELC |
|
|
|b 1
|
| ORI |
|
|
|a SA-MARC-ixtheo_oa001.raw
|
| REL |
|
|
|a 1
|
| STA |
0 |
0 |
|a Buddhism,Buddhism,Psychology
|
| STB |
0 |
0 |
|a Buddhisme,Bouddhisme,Psychologie
|
| STC |
0 |
0 |
|a Budismo,Budismo,Psicología
|
| STD |
0 |
0 |
|a Buddhismo <motivo>,Buddhismo,Buddismo,Buddismo,Buddismo (motivo),Buddismo,Psicologia
|
| STE |
0 |
0 |
|a 佛教,心理学
|
| STF |
0 |
0 |
|a 佛教,心理學
|
| STG |
0 |
0 |
|a Budismo,Budismo,Psicologia
|
| STH |
0 |
0 |
|a Буддизм (мотив),Буддизм,Психология
|
| STI |
0 |
0 |
|a Βουδισμός (μοτίβο),Βουδισμός,Ψυχολογία
|
| SUB |
|
|
|a REL
|
| SYG |
0 |
0 |
|a Buddhism,Zen-Buddhismus , Psychology,Psyche,Psychologische Theorie,Psychologischer Aspekt,Theoretische Psychologie,Mensch
|